000 00554nam a2200229Ia 4500
003 OSt
005 20221005124256.0
006 a|||||r|||| 00| 0
007 ta
008 221004b |||||||| |||| 00| 0 eng d
024 _a34363
037 _cTextual
040 _aCRL
_cCRL
_beng
041 _2eng
_aeng
082 _aN553wN3, K0.1
100 _aWilenski R H
_9618081
245 0 _aModern French painters
260 _c1960
650 _aARTS
942 _hN553wN3, K0.1
_cTEXL
_2cc
999 _c1049972
_d1049972